El Municipi i les cultures de l'estat : seminari 199, 22 i 23 de novembre de 1995 : documentació seminari 199, 22 i 23 de novembre de 1995 :
Descripción Física:
[127] p. : il., map., taules, gràf. ; 30 cm
MARC
| LEADER | 00000nam a2200000Ia 4500 | ||
|---|---|---|---|
| 001 | 24304 | ||
| 008 | 160829s1995 xx 000 0 cat d | ||
| 080 | |a Bib-224 | ||
| 245 | |a El Municipi i les cultures de l'estat : |b seminari 199, 22 i 23 de novembre de 1995 : |b documentació | ||
| 260 | |a [Barcelona] : |b Diputació de Barcelona. Servei de Cultura, |c 1995 | ||
| 300 | |a [127] p. : |b il., map., taules, gràf. ; |c 30 cm | ||
| 650 | |a Multiculturalisme |x Catalunya |9 49668 | ||
| 651 | 0 | |a Catalunya |x Emigració i immigració |9 53951 | |
| 710 | 1 | |a Barcelona (Catalunya : Província). |b Centre d'Estudis i Recursos Culturals |9 52487 | |
| 710 | 1 | |a Barcelona (Catalunya : Província). |b Servei de Cultura |9 54401 | |
| 901 | |a Arxiu | ||
| 942 | |n 1 | ||
| 952 | |0 0 |1 0 |4 0 |6 BIB224 |7 1 |9 55524 |a Arxiu |b Arxiu |d 2016-12-01 |l 0 |o Bib-224 |p 24304 |r 2016-12-01 00:00:00 |w 2016-12-01 |y ARXIU | ||
| 999 | |c 59397 |d 59397 | ||